Creative and mental growth /

Bibliographic Details
Main Author: Lowenfeld, Viktor
Other Authors: Brittain, W. Lambert
Format: Book
Language:English
Published: New York : Macmillan, [1964]
Edition:4th ed.
Subjects:

MARC

Tag First Indicator Second Indicator Subfields
LEADER 00000cam a22000001 4500
001 in00000193513
005 20151009051511.0
008 720420s1964 nyua b 00010 eng
010 |a  64012531  
035 |a (OCoLC)00497075 
035 |9 AAV6095AM 
040 |a DLC  |c DLC  |d TXA  |d UtOrBLW 
049 |a TXAM  |c [402902] 
050 0 0 |a N85  |b .L6 1964 
082 0 |a 707 
100 1 |a Lowenfeld, Viktor. 
245 1 0 |a Creative and mental growth /  |c [by] Viktor Lowenfeld [and] W. Lambert Brittain. 
250 |a 4th ed. 
264 1 |a New York :  |b Macmillan,  |c [1964] 
300 |a xv, 412 pages :  |b illustrations (part color) ;  |c 25 cm. 
336 |a text  |b txt  |2 rdacontent 
337 |a unmediated  |b n  |2 rdamedia 
338 |a volume  |b nc  |2 rdacarrier 
504 |a Includes bibliographical references. 
650 0 |a Art  |x Study and teaching. 
650 0 |a Creation (Literary, artistic, etc.) 
650 0 |a Child artists. 
650 0 |a Artists  |x Psychology. 
700 1 |a Brittain, W. Lambert. 
999 |a MARS 
999 f f |s 782cbc73-d920-3230-a48e-551e0d94bba4  |i f909e027-7ac6-314b-af5a-dd4465563ce9  |t 0 
952 f f |p normal  |a Texas A&M University  |b College Station  |c Sterling C. Evans Library  |d Evans: Library Stacks  |t 0  |e N85 .L6 1964  |h Library of Congress classification  |i unmediated -- volume  |m A14803378027 
998 f f |a N85 .L6 1964  |t 0  |l Evans: Library Stacks